| 000 | 01859nam a2200265Ia 4500 | ||
|---|---|---|---|
| 008 | 260220t1971||||xx |||||||||||||| ||spa|| | ||
| 040 |
_aPY-SlUNAC _bspa _erda |
||
| 041 | _aspa | ||
| 082 |
_a547 _bB643q |
||
| 100 |
_aBonnes, William _eAutor |
||
| 245 | 0 |
_aQuímica orgánica básica / _cpor William Bonnes [Autor] y J. Castro Albert [Autor] |
|
| 250 | _aSegunda edición | ||
| 264 |
_aMadrid : _bAlhambra, _c℗1971. |
||
| 300 | _a1 volumen | ||
| 520 | _a"Química orgánica básica" de William Bonnes es una obra fundamental que introduce los conceptos esenciales de la química orgánica, diseñada para estudiantes y profesionales en el campo. A lo largo del texto, Bonnes presenta de manera clara y estructurada los principios de la química de compuestos carbonados, enfatizando la importancia de la estructura molecular, las reacciones químicas y los mecanismos que las sustentan. El autor aborda temas clave como la nomenclatura, isomería, y las principales clases de compuestos orgánicos, incluyendo hidrocarburos, alcoholes, ácidos y ésteres, proporcionando ejemplos prácticos y problemas resueltos que facilitan la comprensión del contenido. La obra también incluye ilustraciones y esquemas que complementan la explicación teórica, haciendo el aprendizaje más accesible. Ideal como texto de referencia, "Química orgánica básica" establece un sólido fundamento teórico y práctico para quienes deseen profundizar en la química orgánica, promoviendo tanto el interés como la comprensión en esta rama de la ciencia. | ||
| 653 | _aEducación científica | ||
| 653 | _aQuímica | ||
| 653 | _aQuímica orgánica | ||
| 700 |
_aCastro Albert, J. _eAutor |
||
| 942 |
_b2026/02/17 _cBK |
||
| 999 |
_c7938 _d7938 |
||